000
00311nam a2200121Ia 4500
005
20251222144800.0
008
251222s9999||||xx |||||||||||||| ||spa||
082
_a
709.85/L31
100
_a
Lavalle, José Antonio de
245
0
_a
Pintura Contemporánea:
264
_b
Banco de Crédito del Perú
942
_c
LIB
999
_c
19691
_d
19691